|
|
|
|
| LEADER |
00000csc a2200000 a 4500 |
| 001 |
93254 |
| 005 |
20230308212717.0 |
| 008 |
000000|1983 ||||||||r|||||||||||spa|| |
| 040 |
|
|
|b spa
|
| 041 |
1 |
|
|a spa
|
| 082 |
0 |
|
|a 346.052
|
| 100 |
1 |
|
|a Bossano, Guillermo
|9 42732
|
| 245 |
1 |
1 |
|a Manual de derecho sucesorio: primera parte
|c Guillermo Bossano
|h imp
|n tomo 1
|
| 250 |
|
|
|a 5a ed.
|
| 264 |
|
|
|a Quito
|b Voluntad
|c 1983
|
| 300 |
|
|
|a 289 páginas:
|c 20,5 cm
|
| 650 |
1 |
|
|a Derecho sucesorio
|9 1248
|
| 650 |
1 |
|
|a Sucesiones
|9 15696
|
| 650 |
1 |
|
|a Asignaciones
|9 42733
|
| 650 |
1 |
|
|a Testamento
|9 15078
|
| 852 |
|
|
|a UC-CDJBV
|c PRIMER PISO
|f Compra
|k mariana.feican
|l 1
|m General
|p 00000000
|r 2
|t 93254
|b 0
|d CDRC
|e CDRC
|g 346.052 PRIMER PISO
|z 0000-00-00
|
| 942 |
|
|
|0 2
|
| 999 |
|
|
|c 122958
|d 122958
|